• 首页
  • 本馆介绍
  • 公告通知
  • 最新文献
  • 馆藏检索
  • 电子资源
  • 读者导购
  • 参考咨询
  • 我的图书馆
  • 登录
  • 详细信息显示
  • 放入我的书架
  • 预约/预借图书
  • 作者相关作品
  • 分类相关作品
  • 丛书相关作品
  • 出版社相关作品

书目信息

  • 表格格式
  • 工作单格式
  • 卡片格式
题名:
跳水规则裁判法和
    
 
作者: ;国家体育总局游泳运动
分册:  
出版信息: 北京   人民体育出版社  2001
页数: 297
开本: 20cm
丛书名:
单 册:
中图分类: G86
科图分类:
主题词: 冰上运动 , 雪上运动 , 水上运动
电子资源:
ISBN: 7-5009-2055-5
000 00751nam0 2200265 450
001 6480453
005 20070817100800.46
010    @a7-5009-2055-5@d¥17.00
100    @a20070817d km y0chiy0120 ea
101 0  @achi
200 1  @a跳水规则裁判法和@Fguo jia ti yu zong ju you yong yun dong@f国家体育总局游泳运动
210    @a北京@c人民体育出版社@d2001
215    @a297@d20cm
606 0  @a冰上运动
606 0  @a雪上运动
606 0  @a水上运动
690    @aG86@v3
711 02 @a国家体育总局游泳运动
801  0 @aCN@bPFT@c20070817
905    @a213230@dG86@et2@f1
?0  < font color ='#ff0000'>@a?Aguo jia ti yu zong ju you yong yun dong
?04    @00354gua001500369管?04700384管?00600431花?04800437
gua    @n li zhong xin
gua    @n li zhong xin
管?  < font color ='#ff0000'>@a碇行?Aguo jia ti yu zong ju you yong yun dong
    
    跳水规则裁判法和/国家体育总局游泳运动.-北京:人民体育出版社,2001
    297;20cm
    
    
    ISBN 7-5009-2055-5:¥17.00
    
●
相关链接 在E读中查询图书 在五车中查询图书 在当当中查询图书 在豆瓣中查询图书


正题名:跳水规则裁判法和     索取号:G86/t2         预约/预借

序号 登录号 条形码 馆藏地/架位号 状态 备注
1 6901861   269018617   密集书库-体育系/ [索取号:G86/t2] 在馆    
2 6901862   269018626   密集书库-体育系/ [索取号:G86/t2] 在馆    
3 6901863   269018635   密集书库-体育系/ [索取号:G86/t2] 在馆    
唐山师范学院图书馆 欢迎您!
大连网信软件有限公司© 版权所有